<?xml version="1.0" encoding="UTF-8"?>
<marc:record xmlns:marc="http://www.loc.gov/MARC21/slim">
   <marc:leader>00000nam a2200000 a 4500</marc:leader>
   <marc:datafield ind1="1" ind2=" " tag="100">
      <marc:subfield code="a">Diderot, Denis</marc:subfield>
   </marc:datafield>
   <marc:datafield ind1="1" ind2=" " tag="100">
      <marc:subfield code="a">Huppert, Isabelle</marc:subfield>
   </marc:datafield>
   <marc:datafield ind1="1" ind2=" " tag="100">
      <marc:subfield code="a">Étienne, Pauline</marc:subfield>
   </marc:datafield>
   <marc:datafield ind1="1" ind2=" " tag="100">
      <marc:subfield code="a">Nicloux, Guillaume</marc:subfield>
   </marc:datafield>
   <marc:datafield ind1="0" ind2="0" tag="245">
      <marc:subfield code="a">Die Nonne [DVD]</marc:subfield>
   </marc:datafield>
   <marc:datafield ind1="0" ind2="0" tag="245">
      <marc:subfield code="c">Guillaume Nicloux [Regie] ; Jérôme Beaujour [Drehbuch] ; Yves Cape [Kamera] ; Max Richter [Komp.] ; Pauline Étienne [Darst.] ; Isabelle Huppert [Darst.] ; Martina Gedeck [Darst.] ; Denis Diderot [Lit. Vorl.]</marc:subfield>
   </marc:datafield>
   <marc:datafield ind1=" " ind2="1" tag="264">
      <marc:subfield code="a">Berlin</marc:subfield>
      <marc:subfield code="b">Studiocanal Home Entertainment</marc:subfield>
      <marc:subfield code="c">2014</marc:subfield>
   </marc:datafield>
   <marc:datafield ind1="1" ind2=" " tag="520">
      <marc:subfield code="a">Eine junge Frau wird im Frankreich des Jahres 1756 von ihrer Familie gedrängt, ins Kloster einzutreten. Hinter den Mauern herrschen Demütigung, Gewalt und Heuchelei. Aber die Rebellin lässt sich nicht unterdrücken und begehrt auf, will nicht leiden, sondern ihr gestohlenes Leben zurück. Bis sie dem religiösen Horror entfliehen kann, muss sie nicht nur Schikanen ertragen, sondern auch sexuelle Annäherungsversuche.</marc:subfield>
   </marc:datafield>
   <marc:datafield ind1=" " ind2=" " tag="020">
      <marc:subfield code="a">5051890005625</marc:subfield>
      <marc:subfield code="9">5051890005625</marc:subfield>
   </marc:datafield>
   <marc:datafield ind1=" " ind2=" " tag="500">
      <marc:subfield code="a">Ländercode 2. FSK ab 12 freigegeben , in französischer und deutscher Sprache</marc:subfield>
   </marc:datafield>
   <marc:datafield ind1="0" ind2=" " tag="490">
      <marc:subfield code="v">0</marc:subfield>
   </marc:datafield>
   <marc:datafield ind1=" " ind2=" " tag="300">
      <marc:subfield code="a">1 DVD-Video (ca. 103 Min.) : DD/5.1 ; 1:1,85 anamorph</marc:subfield>
   </marc:datafield>
</marc:record>
